000 00424nam a2200181Ia 4500
008 090122s9999 xx 000 0 und d
082 _b632
_aD6
100 _aTeslikon
_bA
245 _aStress and Strain
260 _b"MIR PUBLICATION,S MOSCOW"
_c1962
300 _a475
501 _a--
600 _aTeslikon
630 _aStress and Strain
700 _aTeslikon
730 _aStress and Strain
942 _cBOOK
999 _c24710
_d24710